French IGCSE theme one vocab - Statistics

General Stats
  • This quiz has been taken 81 times
  • The average score is 5 of 20
Answer Stats
Hint Answer % Correct
in my opinion À mon avis
100%
to be afraid Avoir peur
100%
to blog Blogger
100%
dependent Dépendant
100%
unpleasent desagreable
100%
to have to Devoir
100%
to say, to tell Dire
100%
to discuss Discuter
100%
Divorced Divorcé
100%
In fact En fait
100%
together Ensemble
100%
Spicy Épicé
100%
To try Essayer
100%
kind gentil
100%
thanks to Grâce à
100%
Incredible Incroyable
100%
Incredible Incroyable
100%
The bill L’addition
100%
Party La fête
100%
life La vie
100%
Newspaper Le journal
100%
loyal Loyal
100%
to show Montrer
100%
Muslim Musulman
100%
To forget Oublier
100%
To open Ouvrir
100%
to share Partager
100%
What a nightmare Quel cauchemar
100%
To receive Recevoir
100%
religeous Religieux
100%
To reserve Réserver
100%
To take risks Risquer
100%
Salty Salé
100%
to go out sortir
100%
To go clubbing Sortir en boîte
100%
Everyone Tout le monde
100%
traditional Traditionnel
100%
To use Utiliser
100%
to sell Vendre
100%
to see Voir
100%
To see Voir
100%
to want Vouloir
100%
To travel Voyager
100%
To discover Découvrir
67%
to become Devenir
67%
Birthday L’anniversaire
67%
to download Télécharger
67%
hooked Accro
50%
to belong Appartenir
50%
charming Charmant
50%
Chinese Chinois
50%
Cooked Cuit
50%
To decorate Decorer
50%
equal Égale
50%
selfish egoiste
50%
to express Exprimer
50%
Great Génial
50%
jealous jaloux
50%
the world Le monde
50%
Breakfast Le petit déjeuner
50%
man L’Homme
50%
free Libre
50%
without Sans
50%
To hurry Se dépêcher
50%
To seduce Séduire
50%
strict severe
50%
to see Voir
50%
wife La femme
33%
Sweet/sugary Sucré
33%
girlfriend (amie) la petite amie
25%
Circus Le cirque
25%
to allow Permettre
20%
To hang Accrocher
0%
at home À domicile
0%
to adopt Adopter
0%
to bring Amener
0%
anonymous Anonyme
0%
from a partir de
0%
to bring Apporter
0%
Water Aquatique
0%
To attend Assister
0%
to wait Attendre
0%
attractive Attractive
0%
to trust Avoir confiance en
0%
to feel like Avoir envie de
0%
To be eager to Avoir hâte de
0%
to be used to avoir l'habitude de
0%
to be afraid Avoir peur
0%
to be right Avoir raison
0%
to be wrong Avoir tort
0%
To become the norm Banaliser
0%
Boring Barbant
0%
to get on well with bien s'etendre avec
0%
Of course Bien sûr
0%
Cheap Bon marché
0%
It depends Ça dépend
0%
it suits me ca me convient
0%
that's enough for me Ça me suffit
0%
single, unmarried Célibataire
0%
At the house of Chez
0%
To choose Choisir
0%
To collect Collecter
0%
Commercial Commercial
0%
To communicate Communiquer
0%
to compensate compenser
0%
understanding Comprehensif
0%
to know Connaître
0%
To keep Conserver
0%
To consume Consommer
0%
to contact Contacter
0%
to run a risk Courir un risque
0%
To cost Coûter
0%
to criticise critiquer
0%
to believe Croire
0%
Raw Cru
0%
besides, moreover D’ailleurs
0%
more Davatage
0%
disappointment Déçu
0%
disgusting Dégoûtant
0%
Since, for Depuis
0%
hundreds Des centaines
0%
desperate Désespéré
0%
difficult difficile
0%
To entertain Divertir
0%
To sleep Dormir
0%
funny drôle
0%
to last Durer
0%
To last Durer
0%
To teach Éduquer
0%
to raise Élever
0%
in case of emergency En cas d’urgence
0%
in common en commun
0%
moreover en plus
0%
Whole Entier
0%
in the process of En train de
0%
to maintain Entretenir
0%
to send Envoyer
0%
Balanced Équilibre
0%
to establish Etablir
0%
To be a believer Être croyant
0%
to agree with Être d’accord avec
0%
To be passionate about Être passionné de
0%
Obviously Évidemment
0%
to express Exprimer
0%
to facilitate Faciliter
0%
to take care Faire attention
0%
to trust Faire confiance à
0%
to trust Faire confiance à
0%
to advertise Faire de la publicité
0%
To go shopping Faire des courses
0%
to belong to Faire partie de
0%
To belong to Faire partie de
0%
To have/go to a party Faire une fête
0%
To have a picnic Faire un piquenique
0%
single sex family Famille homoparentale
0%
faithful Fidéle
0%
Melted Fondu
0%
to guarantee Garantir
0%
to keep Garder
0%
generous genereux
0%
To slide Glisser
0%
free(price) Gratuit
0%
happy Hereux
0%
illegally Illégalement
0%
he makes me laugh Il me fait rire
0%
he gets on my nerves il m'enerve
0%
Inedible Immangeable
0%
Unmissable Incontournable
0%
Indian Indien
0%
Informative Informatif
0%
intelligent intelligent
0%
isolated Isolé
0%
young Jeune
0%
Walk, ride La balade
0%
stepmother, mother in law La belle mère
0%
Joke La blague
0%
Drink La boisson
0%
Mud La boue
0%
Bauble La boule de noël
0%
Christmas log La bûche de noël
0%
career La carrière
0%
map la carte
0%
Pancake day La chandeleur
0%
Collection(money) La collecte
0%
Suit La combinasion
0%
Community La communauté
0%
Pancake La crêpe
0%
Pancake La crêpe
0%
cyber bullying La cyber intimidation
0%
Turkey La dinde
0%
large family La famille nombreuse
0%
Mothers day La fête des mères
0%
only daughter la fille unique
0%
End La fin
0%
functionality la fonctionnalite
0%
fraud La fraude
0%
diary L’agenda
0%
diary L’agenda
0%
Lamb L’agneau
0%
Lamb L’agneau
0%
to let laisser
0%
Player(f) La joueuse
0%
freedom La liberté
0%
Light La lunière
0%
Mango La mangue
0%
husband La mari
0%
Midnight mass La messe de minuit
0%
The weather forecast La météo
0%
friendship l'amitie
0%
Coach, teacher(f) La monitrice
0%
love L’amour
0%
Food La nourriture
0%
Dough La pâte
0%
Ice rink La patinoire
0%
Poverty La pauvreté
0%
personality La personalité
0%
girlfriend (copine) la petite copane
0%
Fear La peur
0%
Board La planche
0%
Pocket La poche
0%
application L’application
0%
reality La realité
0%
Research La recherche
0%
romantic relationship La relation amoureuse
0%
Meeting La réunion
0%
white dress La robe blanche
0%
Stage La scène
0%
security, safety La sécurité
0%
Waitress La serveuse
0%
Society La société
0%
Consumer society La société de consommation
0%
Plate L’assiette
0%
Slice of bread and butter La tartine
0%
Wave La vague
0%
Steam La vapeur
0%
Meat La viande
0%
Speed La vitesse
0%
Mp3 player Le baladeur mp3
0%
Ship, boat Le bateau
0%
stepfather, father in law le Beau pere
0%
benefit Le bienfait
0%
Beef steak Le bifteck
0%
Beef Le boeuf
0%
aim Le but
0%
Present Le cadeau
0%
Milky coffee Le café au lait
0%
Helmet/headphones Le casque
0%
brain le cerveau
0%
Mushroom Le champignon
0%
researcher le chercheur
0%
bank account le Compte bancaire
0%
Cook Le cuisinier
0%
Challenge Le défi
0%
imbalance Le déséquilibre
0%
divorce Le divorce
0%
fiance Le fiancé
0%
internet forum Le forum de discussion
0%
Passion fruit Le fruit de la passion
0%
Knee Le genou
0%
church L’eglise
0%
Taste Le gout
0%
satnav Le GPS
0%
Ice hockey Le hockey sur glace
0%
Juggling Le jonglage
0%
Player(m) Le joueur
0%
Public holiday Le jour férié
0%
Patient Le/la malade
0%
email Le mail
0%
Tube(train) Le métro
0%
way of life Le mode de vile
0%
The world Le monde
0%
the real world le monde réel
0%
Coach, teacher(m) Le moniteur
0%
Wall Le mur
0%
Circus act Le numéro de cirque
0%
boyfriend (ami) le petit ami
0%
boyfriend (copain) le petit copain
0%
worst Le pire
0%
Dish Le plat
0%
Pork Le porc
0%
Mobile phone Le portable
0%
Chicken Le poulet
0%
Meal Le repas
0%
dream Le rêve
0%
Christmas eve Le réveillon de noël
0%
Christmas tree Le sapin de noël
0%
Bungee jumping Le saut à l’élastique
0%
The pros Les bons côtés
0%
Rock climbing L’escalade
0%
Waiter Le serveur
0%
Celebrations Les festivités
0%
engagement Les fiançailles
0%
Seafood Les fruits de mer
0%
People Les gens
0%
AIDS Le SIDA
0%
Maple syrup Le sirop d’erable
0%
Young people Les jeunes
0%
Vegatables Les légumes
0%
Leisure activities Les loisirs
0%
smartphone Le smartphone
0%
The cons Les mauvais côtés
0%
Noodles Les nouilles
0%
survey Le sondage
0%
Street show Le spectacle de rue
0%
Combat sport Le sport de combat
0%
Defensive sport Le sport de défense
0%
Extreme sport Le sport extrême
0%
relationships Les rapports
0%
relationships Les relations
0%
Course Le stage
0%
subject Le sujet
0%
text message Le texto
0%
Void Le vide
0%
identity theft Le vol d’identité
0%
Food habit L’habitude alimentaire
0%
Oyster L’huître
0%
to link Lier
0%
Charity work L’oeuvre caratative
0%
Charity L’organisation caritative
0%
to miss manquer
0%
my own room Ma propre chambre
0%
Moroccan Marocain
0%
Funny Marrant
0%
naughty mechant
0%
to threaten Menacer
0%
to start,to switch on Mettre en marche
0%
cute mignon
0%
to show Montrer
0%
Never Ne…jamais
0%
To clean Nettoyer
0%
Any N’importe quel
0%
To offer Offrir
0%
On the other hand Par contre
0%
lazy paresseux
0%
sometimes parfois
0%
To share Partager
0%
to spend(time) Passer
0%
To spend Passer
0%
to make comments Passer des commentaires
0%
to allow Permettre
0%
Barefoot Pieds nus
0%
full or life Plein de vie
0%
to be able to stand Pouvoir supporter
0%
Squeezed Pressé
0%
profound, deep Profond
0%
When Quand
0%
Grated Râpé
0%
To remind Rappeler
0%
to think,to reflect Réfléchir
0%
to fill in a form Remplir un formulaire
0%
to make(+adjective) Rendre
0%
To reproach Reprocher
0%
To meet Retrouver
0%
To gather Réunir
0%
To dream Rêver
0%
to have a laugh Rigoler
0%
Funny Rigolo
0%
to adapt to s'adapter á
0%
without Sans
0%
To stop S’arrêter
0%
To jump Sauter
0%
to know Savoir
0%
to move around Se déplacer
0%
to have fun Se distraire
0%
to get oneself know Se faire connaître
0%
to get together Se mettre en couple
0%
to commit to S’engager à
0%
To raise awareness Sensibiliser
0%
To get on S’entendre
0%
seperated Séparé
0%
to talk to each other Se parler
0%
To take place Se passer
0%
To afford to Se permettre de
0%
To relax Se relaxer
0%
To relax Se reposer
0%
To meet Se retrouver
0%
To feel Se sentir
0%
to use Se servir de
0%
to use Se servir de
0%
to treat each other Se traiter
0%
Only Seulement
0%
To get information S’informer
0%
to worry S’inquiéter
0%
To settle in S’installer
0%
to look after S’occuper de
0%
supposedly Soi-disant
0%
to suffer Souffrir
0%
To suffer Souffrir
0%
nice sympa
0%
shy timide
0%
se disputer to argue
0%
Pulled/towed by Tracté par
0%
hard-working Travailleur
0%
sad Triste
0%
company Une entreprise
0%
A way of Une façon de
0%
Vegatarian Vegatarien
0%
virtual Virtuel
0%
to aim Viser
0%
to live Vivre
0%
to live Vivre
0%
to cohabit Vivre en concubinage
0%
To fly Voler
0%
really vraiment
0%
No matching quizzes found
Score Distribution
Percent of People with Each Score
Percentile by Number Answered
Your Score History
You have not taken this quiz